Chragh Talye (Record no. 180194)

000 -LEADER
fixed length control field 00376 a2200157 4500
003 - CONTROL NUMBER IDENTIFIER
control field Nust
005 - DATE AND TIME OF LATEST TRANSACTION
control field 20170207153143.0
040 ## - CATALOGING SOURCE
Transcribing agency Nust
082 ## - DEWEY DECIMAL CLASSIFICATION NUMBER
Classification number 891.439
100 ## - MAIN ENTRY--PERSONAL NAME
Personal name Yousafi Ahmed,Mushtaq
245 ## - TITLE STATEMENT
Title Chragh Talye
Statement of responsibility, etc. Mushtaq Ahmed Yousafi
260 ## - PUBLICATION, DISTRIBUTION, ETC.
Place of publication, distribution, etc. Karachi
Name of publisher, distributor, etc. Muktiba Dynial
Date of publication, distribution, etc. 1994
300 ## - PHYSICAL DESCRIPTION
Extent 182:p
538 ## - SYSTEM DETAILS NOTE
System details note Amirah No.37 and Shelf No.3
650 ## - SUBJECT ADDED ENTRY--TOPICAL TERM
Topical term or geographic name entry element Urdu literature
942 ## - ADDED ENTRY ELEMENTS (KOHA)
Source of classification or shelving scheme
Koha item type Book
Holdings
Withdrawn status Lost status Source of classification or shelving scheme Damaged status Not for loan Collection code Permanent Location Current Location Date acquired Total Checkouts Full call number Barcode Date last seen Price effective from Koha item type
            Military College of Signals (MCS) Military College of Signals (MCS) 12/12/2016   891.439 YOU MCS34602 12/08/2016 12/12/2016 Book
© 2023 Central Library, National University of Sciences and Technology. All Rights Reserved.